Major US Airline Hubs/Focus Cities - Statistics

General Stats
  • This quiz has been taken 2,396 times
  • The average score is 29 of 43
Answer Stats
# Airport % Correct
1 Anchorage
93%
5 Los Angeles
93%
1 San Diego
93%
3 Atlanta
92%
2 Miami
92%
2 Seattle
92%
1 Honolulu
90%
2 Boston
89%
3 Denver
88%
3 Las Vegas
88%
2 San Francisco
88%
1 Dallas- Love
86%
3 New York- JFK
86%
2 Phoenix
84%
1 Houston- Hobby
83%
1 Portland
82%
4 Chicago- O'Hare
81%
2 Philadelphia
81%
2 Detroit
80%
4 Orlando
80%
1 Minneapolis
78%
1 Charlotte
77%
1 Newark
77%
2 New York Laguardia
72%
1 Salt Lake City
72%
1 Baltimore
69%
1 Cleveland
65%
2 Dallas Fort Worth
61%
1 Cincinnati
60%
1 Washington- Dulles
60%
1 Raleigh/Durham
54%
1 San Jose
53%
1 Chicago- Midway
50%
1 Washington- National
49%
1 Oakland
44%
1 Houston- Intercontinental
42%
2 Fort Lauderdale
40%
1 San Juan
28%
1 Guam
23%
1 Kahului
20%
1 Long Beach
20%
1 Trenton
14%
1 Atlantic City
12%
No matching quizzes found
Score Distribution
Percent of People with Each Score
Percentile by Number Answered
Your Score History
You have not taken this quiz